Movies Quiz

Random Movies or World Quiz

Cities In Movie Titles On A Map Quiz Stats

 Plays Quiz Updated Sep 8, 2014

Challenge
Share
Tweet
Score 0/18 Timer 05:00
1 Play Today
% Correct
Sleepless In Seattle
99.1%
Miami Vice
96.5%
Gangs Of New York
96.3%
An American In Paris
95.7%
An American Werewolf In London
93.3%
Shanghai Noon
86.8%
The Purple Rose Of Cairo
86%
Thirty Seconds
Over Tokyo
84%
Blame It On Rio
81.6%
% Correct
Vicky Cristina Barcelona
80.3%
Meet Me In St. Louis
73.6%
Moscow On The Hudson
72.9%
Beverly Hills Cop
62.8%
The Thief Of Bagdad
62.4%
Judgment At Nuremberg
49.6%
Death In Venice
45.9%
The Battle Of Algiers
31.4%
The Odessa File
24.3%

You're not logged in!

Compare scores with friends on all Sporcle quizzes.
Join for Free
OR
Log In

You Might Also Like...

Show Comments

Extras

Top Quizzes Today


Score Distribution

Your Account Isn't Verified!

In order to create a playlist on Sporcle, you need to verify the email address you used during registration. Go to your Sporcle Settings to finish the process.

Report this User

Report this user for behavior that violates our Community Guidelines.

Details: